[Event "CAN-ch U16 Girls"]
[Site "Quebec"]
[Date "2008.07.16"]
[Round "5"]
[White "Xiong, Sonja"]
[Black "Mongenais, Catherine"]
[Result "1-0"]
[WhiteElo "1889"]
[BlackElo "1467"]
[PlyCount "93"]
[EventDate "2008.07.14"]
[EventType "tourn"]
[EventRounds "5"]
[EventCountry "CAN"]
[SourceTitle "EXT 2011"]
[Source "ChessBase"]
[SourceDate "2010.11.26"]
[SourceVersion "1"]
[SourceVersionDate "2010.11.26"]
[SourceQuality "1"]

1. e4 e5 2. Nf3 Nc6 3. Bc4 Nf6 4. d3 d5 5. exd5 Nxd5 6. Bb5 Bd6 7. 0-0 Bd7 8. Re1 Qe7 9. c4 Nf6 10. Nc3 0-0 11. Bg5 h6 12. Nd5 Qd8 13. Nxf6+ gxf6 14. Bxh6 Re8 15. Bxc6 Bxc6 16. Nxe5 Bd7 17. Nxd7 Qxd7 18. Qf3 Bf8 19. Bxf8 Kxf8 20. Qxf6 Kg8 21. Qf3 Re6 22. Qg4+ Kf8 23. Rxe6 Qxe6 24. Qxe6 fxe6 25. Re1 Kf7 26. f4 Rd8 27. Re3 Rd4 28. g3 a6 29. a4 c6 30. b3 b6 31. Kf2 b5 32. Ke2 Rd8 33. a5 Rh8 34. h4 b4 35. Kf3 Rd8 36. g4 Kf6 37. g5+ Kf5 38. h5 Rxd3 39. Rxd3 e5 40. fxe5 c5 41. h6 Kg6 42. e6 Kh7 43. e7 Kg6 44. e8Q+ Kxg5 45. Rd6 Kf5 46. Qg6+ Ke5 47. Qe6# 1-0

[Event "CAN-ch U16 Girls"]
[Site "Quebec"]
[Date "2008.07.15"]
[Round "3"]
[White "Kagramanov, Dalia"]
[Black "Mongenais, Catherine"]
[Result "1-0"]
[WhiteElo "1837"]
[BlackElo "1467"]
[PlyCount "103"]
[EventDate "2008.07.14"]
[EventType "tourn"]
[EventRounds "5"]
[EventCountry "CAN"]
[SourceTitle "EXT 2011"]
[Source "ChessBase"]
[SourceDate "2010.11.26"]
[SourceVersion "1"]
[SourceVersionDate "2010.11.26"]
[SourceQuality "1"]

1. e4 e5 2. Nf3 Nc6 3. Bc4 Nf6 4. Ng5 d5 5. exd5 Na5 6. Bb5+ Bd7 7. Bxd7+ Qxd7 8. 0-0 h6 9. Nf3 e4 10. Nd4 Bc5 11. Ne2 0-0 12. d4 Bb6 13. Nbc3 Rfe8 14. f3 exf3 15. Rxf3 Nxd5 16. Nxd5 Qxd5 17. c3 c5 18. Rg3 g5 19. h4 cxd4 20. cxd4 Re4 21. hxg5 Bxd4+ 22. Nxd4 Qxd4+ 23. Qxd4 Rxd4 24. gxh6+ Kf8 25. Be3 Rh4 26. Bc5+ Ke8 27. Rg8+ Kd7 28. Rxa8 Rxh6 29. Rxa7 Kc6 30. Rxa5 b6 31. Bxb6 Kxb6 32. Rf5 Rh7 33. Raf1 Rh8 34. Rxf7 Rc8 35. g4 Rc4 36. Rg7 Rc2 37. g5 Rxb2 38. g6 Rxa2 39. Rg8 Ra5 40. g7 Rg5+ 41. Kh2 Kc6 42. Rc8+ Kd6 43. g8Q Rh5+ 44. Kg3 Re5 45. Rd1+ Ke7 46. Re8+ Kf6 47. Rxe5 Kxe5 48. Qe8+ Kf6 49. Rf1+ Kg7 50. Qe4 Kh8 51. Qg4 Kh7 52. Rh1# 1-0